[Event "4NCL/Div1/SL-GUI"]
[Site "Rd7-Birmingham"]
[Date "2000.03.25"]
[Round "7.4"]
[White "Gormally, Danny"]
[Black "Kosten, Anthony"]
[Result "1/2-1/2"]
[WhiteElo "2504"]
[BlackElo "2511"]
[PlyCount "93"]
[EventDate "2000.03.25"]
[SourceDate "2000.01.01"]

1. e4 c5 2. Nf3 d6 3. d4 cxd4 4. Nxd4 Nf6 5. Nc3 a6 6. Bg5 e6 7. f4 Nc6 8. Nxc6
bxc6 9. e5 h6 10. Bxf6 gxf6 11. exd6 Qxd6 12. Qxd6 Bxd6 13. g3 f5 14. Bg2 Kd7
15. O-O-O Kc7 16. Ne2 Bb7 17. Nd4 Rad8 18. Nf3 c5 19. Nh4 Bxg2 20. Nxg2 Be7 21.
Rxd8 Bxd8 22. Rf1 h5 23. Rf3 Bf6 24. c3 Rd8 25. Kc2 Kc6 26. Ne3 Rh8 27. h4 Bd8
28. Nc4 Bc7 29. Re3 Re8 30. Kd3 f6 31. Rf3 Rf8 32. Ke2 Rd8 33. Rd3 Rxd3 {(=)}
34. Kxd3 e5 35. Ne3 exf4 36. gxf4 Bxf4 37. Nxf5 Kd5 38. Ng7 c4+ 39. Ke2 Bg3 40.
Nxh5 Bxh4 41. Kf3 Bg5 42. Nf4+ Ke5 43. Ne2 f5 44. Nd4 Bc1 45. b3 Bd2 46. bxc4
Bxc3 47. Nb3 1/2-1/2

[Event "4NCL/Div1/SL-GUI"]
[Site "Rd7-Birmingham"]
[Date "2000.03.25"]
[Round "7.5"]
[White "Hebden, Mark"]
[Black "Kinsman, Andrew"]
[Result "1-0"]
[WhiteElo "2494"]
[BlackElo "2399"]
[PlyCount "83"]
[EventDate "2000.03.25"]
[SourceDate "2000.01.01"]

1. d4 Nf6 2. Nf3 c5 3. d5 b5 4. Bg5 d6 5. Bxf6 exf6 6. e4 a6 7. a4 b4 8. Bd3 g6
9. a5 Bg7 10. c3 O-O 11. O-O Nd7 12. Qc2 Bb7 13. Bc4 Rc8 14. Nbd2 Rc7 15. Rfd1
Re8 16. Qd3 Qa8 17. Nf1 Rcc8 18. Ng3 Re7 19. Qd2 h5 20. Re1 Rce8 21. Bb3 c4 22.
Ba4 bxc3 23. bxc3 Rb8 24. Bxd7 Rxd7 25. Rab1 Bc8 26. Rb6 Rxb6 27. axb6 Rb7 28.
Rb1 Qb8 29. Qe3 Bd7 30. Nd2 Bb5 31. Ne2 Qe8 32. Nd4 Kh7 33. g3 Bh6 34. f4 Bg7
35. Kf2 f5 36. Nxb5 axb5 37. Ra1 b4 38. Nxc4 Qxe4 39. Qxe4 fxe4 40. Ke3 bxc3
41. Kxe4 c2 42. Rc1 1-0

[Event "4NCL/Div1/SL-GUI"]
[Site "Rd7-Birmingham"]
[Date "2000.03.25"]
[Round "7.6"]
[White "Webb, Richard"]
[Black "Summerscale, Aaron"]
[Result "1/2-1/2"]
[WhiteElo "2351"]
[BlackElo "2430"]
[PlyCount "51"]
[EventDate "2000.03.25"]
[SourceDate "2000.01.01"]

1. e4 c6 2. d3 d5 3. Nd2 e5 4. Ngf3 Bd6 5. d4 exd4 6. Nxd4 Nf6 7. exd5 Nxd5 8.
Nc4 Bb4+ 9. Bd2 O-O 10. Bxb4 Nxb4 11. Ne3 Nd5 12. Nxd5 Qxd5 13. Ne2 Qe6 14. Qd4
Na6 15. a3 c5 16. Qd2 Re8 17. O-O-O Qa2 18. Nc3 Qa1+ 19. Nb1 Be6 20. b3 c4 21.
Bxc4 Bxc4 22. bxc4 Nc5 23. Qd4 Qxd4 24. Rxd4 Re2 25. Rhd1 Rae8 26. R1d2 1/2-1/2

[Event "4NCL/Div1/SL-GUI"]
[Site "Rd7-Birmingham"]
[Date "2000.03.25"]
[Round "7.7"]
[White "McNab, Colin"]
[Black "Povah, Nigel"]
[Result "1-0"]
[WhiteElo "2424"]
[BlackElo "2360"]
[PlyCount "91"]
[EventDate "2000.03.25"]
[SourceDate "2000.01.01"]

1. Nf3 Nf6 2. c4 c5 3. g3 b6 4. Bg2 Bb7 5. d3 d5 6. Ne5 e6 7. Nc3 Bd6 8. Qa4+
Nbd7 9. f4 Qc8 10. O-O d4 11. Nxd7 Nxd7 12. Bxb7 Qxb7 13. Ne4 Be7 14. f5 O-O
15. fxe6 fxe6 16. Bd2 h6 {(=)} 17. a3 Nf6 18. Nxf6+ Rxf6 19. Rxf6 Bxf6 20. Rf1
Rf8 21. Qd1 e5 22. Rf5 e4 23. Qf1 e3 24. Be1 Be7 25. g4 Qd7 26. Bg3 Rxf5 27.
Qxf5 Qxf5 28. gxf5 Kf7 29. Be5 Bf6 30. Bb8 Bd8 31. Bxa7 Kf6 32. b4 cxb4 33.
axb4 Kxf5 34. Kg2 Ke5 35. Kf3 Bc7 36. h3 h5 37. c5 b5 38. Bb6 Bb8 39. c6 Kd6
40. c7 Bxc7 41. Bxc7+ Kxc7 42. Ke4 Kd6 43. Kxd4 g5 44. Kxe3 Kd5 45. Kf3 Kd4 46.
e4 1-0

[Event "4NCL/Div1/SL-GUI"]
[Site "Rd7-Birmingham"]
[Date "2000.03.25"]
[Round "7.8"]
[White "Yurenok, Maria"]
[Black "Lalic, Susan"]
[Result "0-1"]
[WhiteElo "1912"]
[BlackElo "2318"]
[PlyCount "72"]
[EventDate "2000.03.25"]
[SourceDate "2000.01.01"]

1. d4 Nf6 2. Nf3 e6 3. Bg5 c5 4. c3 cxd4 5. cxd4 Qb6 6. Qc2 Nc6 7. Bxf6 gxf6 8.
e3 d5 9. Nc3 Bd7 10. Rc1 Rc8 11. Be2 Be7 12. O-O Na5 13. Nd2 f5 14. f4 a6 15.
a3 O-O 16. b4 Nc4 17. Nxc4 dxc4 18. Na4 Bxa4 19. Qxa4 Qd6 20. Rf3 b5 21. Qd1
Kh8 22. Rg3 Bf6 23. Qc2 Rg8 24. Rxg8+ Kxg8 25. Bf3 a5 26. Qc3 axb4 27. axb4 Be7
28. Rb1 Rc7 29. Bd1 Ra7 30. Bc2 Ra2 31. g3 Bf8 32. Bd1 Qd5 33. Bc2 Qf3 34. Qd2
Qa8 35. Qc3 h5 36. Kf1 Qh1+ 0-1

[Event "4NCL/Div1/RIC-WG1"]
[Site "Rd7-Birmingham"]
[Date "2000.03.25"]
[Round "7.2"]
[White "Baburin, Alexander"]
[Black "Wall, Gavin"]
[Result "1-0"]
[WhiteElo "2591"]
[BlackElo "2352"]
[PlyCount "137"]
[EventDate "2000.03.25"]
[SourceDate "2000.01.01"]

1. d4 f5 2. g3 Nf6 3. Bg2 g6 4. Nf3 Bg7 5. O-O O-O 6. c4 d6 7. Nc3 Qe8 8. b3 e5
9. dxe5 dxe5 10. e4 Nc6 11. Nd5 Qd7 12. Ba3 Rd8 13. Qc2 Nxe4 14. Rad1 Nd4 15.
Nxd4 exd4 16. Bxe4 fxe4 17. Qxe4 Qg4 18. Qe7 Bd7 19. f3 Qh3 20. Nf6+ Bxf6 21.
Qxf6 Qe6 22. Qxd4 Bc6 23. Qc3 Rxd1 24. Rxd1 Re8 25. Bc1 Qe5 26. Qxe5 Rxe5 27.
Kf2 Kf7 28. Bf4 Re7 29. Rd8 Re8 30. Rxe8 Bxe8 31. Bxc7 Ke6 32. Ke3 Bc6 33. g4
a6 34. a4 Kd7 35. Be5 Ke6 36. Bd4 Kd6 37. Kf4 Ke6 38. h3 Kf7 39. Bc3 Ke6 40.
Bb2 Kf7 41. h4 h5 42. a5 Ke6 43. Kg3 Kf7 44. Kf4 Ke6 45. Ba3 Kf6 46. Bc5 Ke6
47. Bb6 Kf6 48. Bd8+ Ke6 49. Ke3 Kd7 50. Bf6 Ke6 51. Bg5 Kd6 52. gxh5 gxh5 53.
f4 Bd7 54. Ke4 Bg4 55. f5 Bd1 56. Bf4+ Kd7 57. b4 Bc2+ 58. Ke5 Bd3 59. c5 Ke7
60. Be3 Bb5 61. f6+ Kf7 62. Bd4 Be2 63. Kd6 Bf3 64. Kc7 Ke6 65. Kb6 Bd5 66. b5
axb5 67. Kxb5 Kd7 68. Kb6 Kd8 69. c6 1-0

[Event "4NCL/Div1/RIC-WG1"]
[Site "Rd7-Birmingham"]
[Date "2000.03.25"]
[Round "7.3"]
[White "Bates, Richard"]
[Black "Emms, John"]
[Result "1-0"]
[WhiteElo "2368"]
[BlackElo "2546"]
[PlyCount "67"]
[EventDate "2000.03.25"]
[SourceDate "2000.01.01"]

1. d4 Nf6 2. Nf3 e6 3. c4 c5 4. d5 d6 5. Nc3 exd5 6. cxd5 g6 7. h3 a6 8. e4 b5
9. Bd3 Bg7 10. O-O c4 11. Bc2 O-O 12. Bf4 Re8 13. Re1 Bb7 14. Qd2 Qb6 15. Bh6
Bh8 16. Ne2 Nbd7 17. Ng3 Rac8 18. Be3 Nc5 19. Bd4 a5 (19... b4 20. Nf5 b3 21.
axb3 (21. Qh6 bxc2 22. Bxf6 Bxf6 23. Ng5 Rc7 24. Qxh7+ Kf8 25. e5 Rxe5 26. Rxe5
Bxe5) 21... cxb3 22. Nh6+ (22. Bb1) 22... Kf8 23. Bb1) (19... Bg7 20. Rad1 (20.
a4 b4 21. a5 Qb5 22. Qf4 b3 23. Bb1 (23. Bxf6 bxc2 24. Bxg7 (24. Nf5 Bxf6 25.
Nh6+ Kg7 26. Ng4) 24... Kxg7 25. Nf5+ gxf5 26. Qg5+ Kh8 27. Qf6+ Kg8 28. exf5
Rxe1+ 29. Rxe1 Ne4 30. Rxe4 c1=Q+ 31. Kh2 h5) 23... Nxd5 24. exd5 Rxe1+ 25.
Nxe1 Re8 26. Nf3) 20... Qd8 21. Qf4 h6) 20. Nf5 Qd8 21. Nh6+ Kf8 22. Ng5 Rc7
23. Bxf6 Bxf6 24. Nxh7+ Kg7 25. Nxf6 Qxf6 26. Ng4 Qd8 27. Qh6+ Kg8 28. Qf4 Kg7
29. e5 dxe5 30. Rxe5 Rxe5 31. Qxe5+ Kg8 32. d6 Rc6 33. Nh6+ Kh7 34. Nxf7 1-0

[Event "4NCL/Div1/RIC-WG1"]
[Site "Rd7-Birmingham"]
[Date "2000.03.25"]
[Round "7.4"]
[White "Ward, Chris"]
[Black "Hinks-Edwards, Thomas"]
[Result "1-0"]
[WhiteElo "2509"]
[BlackElo "2291"]
[PlyCount "59"]
[EventDate "2000.03.25"]
[SourceDate "2000.01.01"]

1. d4 Nf6 2. c4 e6 3. Nc3 Bb4 4. Bg5 h6 5. Bh4 c5 6. d5 b5 7. dxe6 fxe6 8. cxb5
d5 9. e3 O-O 10. Bd3 Bb7 11. Nge2 Nbd7 12. O-O Qe8 13. Bg3 e5 14. a3 Ba5 15.
Qb1 Bb6 16. b4 c4 17. Bg6 Qe7 18. Rd1 Rfd8 19. a4 Nf8 20. a5 Bc7 21. Bf5 Rab8
22. Qb2 Nh5 23. b6 Nxg3 24. hxg3 axb6 25. a6 Ba8 26. a7 Rb7 27. Nxd5 Qf7 28.
Be4 Bd6 29. Ndc3 b5 30. Ra6 1-0

[Event "4NCL/Div1/RIC-WG1"]
[Site "Rd7-Birmingham"]
[Date "2000.03.25"]
[Round "7.5"]
[White "Webb, Laurence"]
[Black "Pein, Malcolm"]
[Result "0-1"]
[WhiteElo "2241"]
[BlackElo "2436"]
[PlyCount "80"]
[EventDate "2000.03.25"]
[SourceDate "2000.01.01"]

1. e4 e6 2. d4 d5 3. e5 c5 4. c3 Nc6 5. Nf3 Bd7 6. Be2 Rc8 7. O-O cxd4 8. cxd4
Qb6 9. Nc3 Nge7 10. Na4 Qd8 11. Bg5 h6 12. Nc5 Rc7 13. Bxe7 Bxe7 14. Rc1 O-O
15. a3 Na5 16. Nd2 b6 17. Na6 Rxc1 18. Qxc1 Qc8 19. Nb4 Bg5 20. Qxc8 Rxc8 21.
Nf3 Be7 22. Ba6 Rc7 23. Bd3 Kf8 24. g3 Ke8 25. Kg2 Kd8 26. Rd1 Ba4 27. Rb1 Bxb4
28. axb4 Nc6 29. b5 Nb4 30. b3 Nxd3 31. bxa4 Rc2 32. Ne1 Rxf2+ 33. Kg1 Rb2 34.
Rxb2 Nxb2 35. Nc2 Nxa4 36. Nb4 Nc3 37. Nc6+ Kc7 38. Nxa7 Ne2+ 39. Kf2 Nxd4 40.
Ke3 Kb7 0-1

[Event "4NCL/Div1/RIC-WG1"]
[Site "Rd7-Birmingham"]
[Date "2000.03.25"]
[Round "7.6"]
[White "Littlewood, Paul"]
[Black "Phillips, Roy"]
[Result "1-0"]
[WhiteElo "2411"]
[BlackElo "2257"]
[PlyCount "83"]
[EventDate "2000.03.25"]
[SourceDate "2000.01.01"]

1. d4 Nf6 2. c4 g6 3. Nc3 Bg7 4. e4 d6 5. Be2 O-O 6. Nf3 e5 7. d5 a5 8. Bg5 h6
9. Bh4 Na6 10. Nd2 Qe8 11. a3 Bd7 12. b3 Nh7 13. Rb1 f5 14. f3 Nf6 15. b4 axb4
16. axb4 Nh5 17. O-O Nf4 18. Re1 g5 19. Bf2 Qg6 20. Bf1 g4 21. fxg4 fxe4 22.
Ncxe4 Bxg4 23. Qb3 Bf5 24. Qg3 Qh7 25. Rb3 Kh8 26. Qe3 b5 27. Bg3 Bd7 28. Ra1
Qg6 29. Rba3 Bc8 30. cxb5 Nxb4 31. Rxa8 Nc2 32. Qb3 Nxa1 33. Rxa1 Bb7 34. Ra7
Bxd5 35. Qc2 Rf7 36. Bc4 Bxc4 37. Bxf4 Rxf4 38. Qxc4 Qg4 39. Ra8+ Kh7 40. h3
Qd1+ 41. Kh2 Qe1 42. Qd3 1-0

[Event "4NCL/Div1/RIC-WG1"]
[Site "Rd7-Birmingham"]
[Date "2000.03.25"]
[Round "7.7"]
[White "Franklin, Michael"]
[Black "Sowray, Peter"]
[Result "0-1"]
[WhiteElo "2239"]
[BlackElo "2358"]
[PlyCount "92"]
[EventDate "2000.03.25"]
[SourceDate "2000.01.01"]

1. d4 Nf6 2. Nf3 b6 3. Bf4 Bb7 4. e3 e6 5. h3 Be7 6. Nbd2 O-O 7. c3 c5 8. Bd3
Nc6 9. O-O Rc8 10. Qe2 d6 11. Rad1 Rc7 12. Bh2 Qa8 13. a3 cxd4 14. exd4 Nb8 15.
Rfe1 Nbd7 16. Ng5 Qd8 17. Ndf3 Nb8 18. Ne4 Nxe4 19. Bxe4 Bxe4 20. Qxe4 Nd7 21.
Qe2 Nf6 22. Ra1 Qd7 23. a4 {(=)} Rfc8 24. Bf4 Nd5 25. Bd2 h6 26. Rec1 Bf6 27.
Qd3 Ne7 28. Qb5 Qc6 29. Qd3 Ng6 30. Nh2 d5 31. Ng4 Be7 32. g3 Bd6 33. Re1 h5
34. Nh2 h4 35. Ng4 Qd7 36. Kg2 Rc4 37. Re2 Ne7 38. b3 R4c6 39. gxh4 Ng6 40. Rc1
Nxh4+ 41. Kh1 Ng6 42. Rg1 Qe7 43. Ne5 Bxe5 44. dxe5 Qa3 45. Qg3 Qxb3 46. h4 Qc4
0-1

[Event "4NCL/Div1/RIC-WG1"]
[Site "Rd7-Birmingham"]
[Date "2000.03.25"]
[Round "7.8"]
[White "Lazhevskaya, Zhanna"]
[Black "Lusher, Claire"]
[Result "1-0"]
[WhiteElo "2151"]
[BlackElo "1592"]
[PlyCount "133"]
[EventDate "2000.03.25"]
[SourceDate "2000.01.01"]

1. e4 d5 2. exd5 Nf6 3. Bb5+ Bd7 4. Qe2 Nxd5 5. Nc3 Nb6 6. Nf3 Bxb5 7. Nxb5 c6
8. Nc3 e6 9. d3 Qc7 10. Bd2 N8d7 11. O-O Nf6 12. Ne4 Nbd5 13. c4 Nxe4 14. dxe4
Nf4 15. Qe3 e5 16. Nxe5 Nxg2 17. Qg3 Nh4 18. Bf4 Bd6 19. Qxg7 O-O-O 20. Qg4+ f5
21. Qxh4 Bxe5 22. Bxe5 Qxe5 23. exf5 Rhg8+ 24. Kh1 Rd4 25. Qh3 Qe4+ 26. f3 Qe2
27. f6+ Kb8 28. Rae1 Qxc4 29. Qxh7 Rh4 30. f7 Rxh7 31. Re8+ Kc7 32. fxg8=Q
Qxf1+ 33. Qg1 Qxf3+ 34. Qg2 Qd1+ 35. Qg1 Qd5+ 36. Qg2 Qxg2+ 37. Kxg2 Rg7+ 38.
Kf3 Rd7 39. h4 Rd2 40. Re7+ Kb6 41. h5 Rxb2 42. Kg3 Rb1 43. Kg2 Rb2+ 44. Kg3
Rxa2 45. h6 Ra1 46. Kg4 Rh1 47. Kg5 a5 48. Re4 Rxh6 49. Kxh6 Kb5 50. Kg5 c5 51.
Kf4 c4 52. Ke3 Kb4 53. Kd2 b5 54. Re5 a4 55. Kc2 a3 56. Re8 Kc5 57. Rc8+ Kd4
58. Rb8 Kc5 59. Kc3 a2 60. Kb2 Kb4 61. Kxa2 Ka4 62. Rc8 Ka5 63. Kb2 Kb4 64. Rc7
Ka5 65. Kc3 Kb6 66. Rh7 Kc5 67. Rh5+ 1-0

[Event "4NCL/Div1/IKHH-BAR"]
[Site "Rd7-Birmingham"]
[Date "2000.03.25"]
[Round "7.1"]
[White "Gallagher, Joe"]
[Black "Collinson, Adam"]
[Result "1-0"]
[WhiteElo "2558"]
[BlackElo "2405"]
[PlyCount "125"]
[EventDate "2000.03.25"]
[SourceDate "2000.01.01"]

1. d4 d6 2. e4 Nf6 3. f3 g6 4. c4 Bg7 5. Nc3 O-O 6. Nge2 a6 7. Bg5 b5 8. cxb5
axb5 9. Nxb5 Ba6 10. Nec3 c6 11. Na3 Qb6 12. Qd2 Bxf1 13. Rxf1 Nbd7 14. Be3
Rfb8 15. Rb1 c5 16. Nc2 Qa6 17. Kf2 cxd4 18. Bxd4 Nc5 19. Rfd1 Na4 20. Nxa4
Qxa4 21. a3 Rc8 22. Nb4 Qb5 23. Rbc1 h5 24. Kg1 Kh7 25. Be3 Nd7 26. Rxc8 Rxc8
27. Rc1 Rxc1+ 28. Qxc1 Qe2 29. Nc2 Nc5 30. Qd2 Qxd2 31. Bxd2 Bxb2 32. Kf2 Kg7
33. Ke3 Kf6 34. Bb4 Ke6 35. Bxc5 dxc5 36. Kd3 Kd6 37. Kc4 Kc6 38. a4 Bc1 39. h3
e6 40. Ne1 Be3 41. Nd3 Bd4 42. a5 g5 43. a6 Kb6 44. Nxc5 Be3 45. g4 hxg4 46.
hxg4 Bg1 47. Nb7 Kxa6 48. Nd8 Kb6 49. Nxf7 Be3 50. Nd8 Kc7 51. Nxe6+ Kd6 52.
Kd3 Bc1 53. Nd4 Ke5 54. Ne2 Ba3 55. Kc4 Be7 56. Kb5 Ba3 57. Kc6 Bb4 58. Kd7 Ba3
59. Ke8 Ke6 60. Kd8 Ke5 61. Kd7 Bc5 62. Nc3 Kf4 63. Ke6 1-0

[Event "4NCL/Div1/IKHH-BAR"]
[Site "Rd7-Birmingham"]
[Date "2000.03.25"]
[Round "7.2"]
[White "Crouch, Colin"]
[Black "Norwood, David"]
[Result "1-0"]
[WhiteElo "2424"]
[BlackElo "2518"]
[PlyCount "49"]
[EventDate "2000.03.25"]
[SourceDate "2000.01.01"]

1. d4 d6 2. c4 e5 3. Nf3 e4 4. Nfd2 f5 5. e3 Nf6 6. Nc3 Be7 7. f3 exf3 8. Qxf3
O-O 9. Bd3 f4 10. exf4 Nc6 11. Nb3 Bg4 12. Qf2 Nb4 13. Bb1 d5 14. cxd5 Nfxd5
15. O-O Bd6 16. f5 g6 17. Nxd5 Nxd5 18. Be4 Nf6 19. Bd3 gxf5 20. Bh6 Rf7 21.
Bc4 Ne4 22. Bxf7+ Kxf7 23. Qe3 Qh4 24. Bf4 Be2 25. Qxe4 1-0

[Event "4NCL/Div1/IKHH-BAR"]
[Site "Rd7-Birmingham"]
[Date "2000.03.25"]
[Round "7.3"]
[White "Hennigan, Michael"]
[Black "Pert, Nick"]
[Result "0-1"]
[WhiteElo "2496"]
[BlackElo "2396"]
[PlyCount "58"]
[EventDate "2000.03.25"]
[SourceDate "2000.01.01"]

1. g3 f5 2. c4 Nf6 3. Bg2 d6 4. Nc3 g6 5. d3 Bg7 6. e4 Nc6 7. Nge2 O-O 8. O-O
e5 9. Nd5 Ne7 10. Nxf6+ Bxf6 11. Bh6 Rf7 12. Qd2 c6 13. d4 fxe4 14. Bxe4 Nf5
15. dxe5 dxe5 16. Qxd8+ Bxd8 17. Bd2 Nd6 18. Bd3 Rf3 19. Be3 Bb6 20. Kg2 e4 21.
Bxb6 Rxd3 22. Bc7 Nxc4 23. b3 Nd2 24. Nf4 Nxf1 25. Nxd3 exd3 26. Rxf1 Bf5 27.
f3 Re8 28. g4 Re2+ 29. Rf2 d2 0-1

[Event "4NCL/Div1/IKHH-BAR"]
[Site "Rd7-Birmingham"]
[Date "2000.03.25"]
[Round "7.5"]
[White "Black, Richard"]
[Black "Knott, Simon"]
[Result "1/2-1/2"]
[WhiteElo "2254"]
[BlackElo "2351"]
[PlyCount "64"]
[EventDate "2000.03.25"]
[SourceDate "2000.01.01"]

1. e4 e6 2. d4 d5 3. Nd2 Nf6 4. e5 Nfd7 5. Bd3 c5 6. c3 Nc6 7. Ne2 cxd4 8. cxd4
Nb6 9. O-O Bd7 10. b3 Be7 11. Nf3 Nb4 12. Bb1 a5 13. a3 Na6 14. a4 Nb4 15. Nc3
Nc8 16. Ne1 f5 17. exf6 Bxf6 18. Nf3 O-O 19. Nb5 Bxb5 20. axb5 Nd6 21. Ne5 Bxe5
22. dxe5 Nf5 23. Qh5 Qc7 24. Bb2 Rac8 25. Qe2 b6 26. Bxf5 Rxf5 27. Rac1 Qb8 28.
Rxc8+ Qxc8 29. Rc1 Qb8 30. Bd4 Rf7 31. Qe3 Rb7 32. Kf1 Qe8 1/2-1/2

[Event "4NCL/Div1/IKHH-BAR"]
[Site "Rd7-Birmingham"]
[Date "2000.03.25"]
[Round "7.7"]
[White "Wade, Robert"]
[Black "Palliser, Richard"]
[Result "1/2-1/2"]
[WhiteElo "2204"]
[BlackElo "2322"]
[PlyCount "50"]
[EventDate "2000.03.25"]
[SourceDate "2000.01.01"]

1. d4 d5 2. Nc3 Nf6 3. Bg5 Nbd7 4. e3 e6 5. Bd3 Be7 6. f4 c5 7. Nf3 a6 8. O-O
h6 9. Bh4 c4 10. Be2 b5 11. Ne5 Bb7 12. Bf3 Ne4 13. Nxe4 dxe4 14. Bxe7 Qxe7 15.
Bh5 g6 16. Be2 Nb6 17. b3 Nd5 18. Qd2 Qa3 19. Kf2 c3 20. Qc1 Qxc1 21. Rfxc1 Ke7
22. a4 Nc7 23. g4 Rhg8 24. axb5 axb5 25. g5 hxg5 1/2-1/2

[Event "4NCL/Div1/IKHH-BAR"]
[Site "Rd7-Birmingham"]
[Date "2000.03.25"]
[Round "7.8"]
[White "Lauterbach, Ingrid"]
[Black "Richards, Heather"]
[Result "1-0"]
[WhiteElo "2182"]
[BlackElo "2102"]
[PlyCount "117"]
[EventDate "2000.03.25"]
[SourceDate "2000.01.01"]

1. Nf3 e6 2. g3 b6 3. Bg2 Bb7 4. O-O f5 5. d4 Nf6 6. c4 d6 7. Nc3 Be7 8. d5 e5
9. Ng5 Bc8 10. e4 fxe4 11. Ne6 Bxe6 12. dxe6 O-O 13. Nxe4 Nxe4 14. Bxe4 c6 15.
Qh5 g6 16. Qg4 d5 17. cxd5 cxd5 18. Bxg6 hxg6 19. Qxg6+ Kh8 20. Qh5+ Kg8 21.
Bh6 Bf6 22. Qg6+ Kh8 23. Bxf8 Qxf8 24. Rad1 d4 25. f4 e4 26. Qxe4 Na6 27. g4
Nc5 28. Qf5 d3 29. Qh5+ Kg8 30. Qg6+ Qg7 31. Qxg7+ Kxg7 32. b4 Nxe6 33. Rxd3 a5
34. f5 Rd8 35. Rxd8 Nxd8 36. bxa5 bxa5 37. Rd1 Kf8 38. Rd5 Nb7 39. Rb5 Nd6 40.
Rxa5 Nc4 41. Ra8+ Ke7 42. Kg2 Kd6 43. Ra6+ Ke7 44. h3 Nb2 45. Kf3 Nd3 46. a4
Ne5+ 47. Ke4 Nc4 48. a5 Nd2+ 49. Kd5 Nf3 50. Re6+ Kf7 51. a6 Bd4 52. Rh6 Bf2
53. a7 Bxa7 54. Rh7+ Kf6 55. Rxa7 Ng1 56. Ra3 Ne2 57. h4 Nf4+ 58. Ke4 Ng2 59.
g5+ 1-0

[Event "4NCL/Div1/SWR-BIG"]
[Site "Rd7-Birmingham"]
[Date "2000.03.25"]
[Round "7.3"]
[White "Lane, Gary"]
[Black "Hunt, Harriet"]
[Result "0-1"]
[WhiteElo "2449"]
[BlackElo "2448"]
[PlyCount "92"]
[EventDate "2000.03.25"]
[SourceDate "2000.01.01"]

1. e4 c5 2. c3 d5 3. exd5 Qxd5 4. d4 g6 5. dxc5 Qxc5 6. Be3 Qa5 7. Bc4 Nc6 8.
Nf3 Nh6 9. Qb3 e6 10. Nbd2 Bg7 11. Ne4 O-O 12. Qb5 Nf5 13. Bf4 e5 14. Bg5 Qxb5
15. Bxb5 f6 16. Bd2 Be6 17. O-O Bd5 18. Rfe1 Rfd8 19. b3 a6 20. Bf1 {(=)} Nd6
21. Nc5 e4 22. Nd4 Nxd4 23. cxd4 f5 24. Bg5 Nb5 25. Bxd8 Rxd8 26. Bxb5 axb5 27.
Rad1 Kf7 28. Re2 h5 29. h3 h4 30. Rc2 Kf6 31. b4 Bf8 32. Ra1 b6 33. Na6 Bc4 34.
a4 Rxd4 35. axb5 Bd6 36. Rac1 Bxb5 37. Nc7 Bd7 38. Rc4 Rd3 39. R4c3 Ke5 40. Na6
g5 41. f3 Rxc3 42. Rxc3 Kd4 43. Rc1 Bb5 44. Nc7 Bc4 45. Ne8 Be5 46. fxe4 fxe4
0-1

[Event "4NCL/Div1/SWR-BIG"]
[Site "Rd7-Birmingham"]
[Date "2000.03.25"]
[Round "7.4"]
[White "Baker, Chris W"]
[Black "Dunnington, Angus"]
[Result "1/2-1/2"]
[WhiteElo "2357"]
[BlackElo "2372"]
[PlyCount "85"]
[EventDate "2000.03.25"]
[SourceDate "2000.01.01"]

1. c4 e5 2. g3 Nc6 3. Bg2 f5 4. Nc3 Nf6 5. e3 d5 6. Nxd5 Nxd5 7. cxd5 Nb4 8. d3
Nxd5 9. a3 Nf6 10. Ne2 Bd6 11. O-O O-O 12. b4 Qe7 13. Bb2 Kh8 14. Nc3 c6 15.
Qc2 Qf7 16. Na4 Qh5 17. Qd1 Qh6 18. Nc5 f4 19. exf4 exf4 20. Qc1 Bh3 21. f3
Bxg2 22. Kxg2 Nd5 23. Bd4 Bxc5 24. bxc5 Qg6 25. g4 Qxd3 26. Qb2 Rf7 27. Rfe1
Ne3+ 28. Bxe3 fxe3 29. Rad1 Qc4 30. Rxe3 Qxc5 31. Rde1 Raf8 32. Qb3 Qd5 33.
Qxd5 cxd5 34. Rd1 Rd7 35. Rd4 Kg8 36. Kg3 Rfd8 37. Re5 Kf7 38. Kf4 Rd6 39. h4
Rf6+ 40. Kg3 Rfd6 41. Kf4 Rf6+ 42. Kg3 Rfd6 43. Kf4 1/2-1/2

[Event "4NCL/Div1/SWR-BIG"]
[Site "Rd7-Birmingham"]
[Date "2000.03.25"]
[Round "7.5"]
[White "Dearing, Eddie"]
[Black "Ferguson, Mark"]
[Result "1/2-1/2"]
[WhiteElo "2263"]
[BlackElo "2371"]
[PlyCount "88"]
[EventDate "2000.03.25"]
[SourceDate "2000.01.01"]

1. d4 d5 2. c4 c6 3. Nf3 Nf6 4. e3 Bf5 5. Nc3 e6 6. Nh4 Bg4 7. Qb3 Qb6 8. h3
Bh5 9. g4 Bg6 10. Nxg6 hxg6 11. Bg2 Na6 12. Bd2 Be7 13. O-O O-O 14. Rab1 Rfd8
15. g5 Nd7 16. f4 Qxb3 17. axb3 Nb4 18. Ne2 a5 19. Bc3 a4 20. c5 Nc2 21. bxa4
Nxe3 22. Rf3 Nxg2 23. Kxg2 Rxa4 24. h4 f6 25. b4 b5 26. Re1 Kf7 27. Re3 Nf8 28.
Nc1 Ra3 29. Bb2 Rxe3 30. Rxe3 Ra8 31. Kf3 Nd7 32. Nd3 {(=)} Bd8 33. Re1 Bc7 34.
Ra1 Rxa1 35. Bxa1 Ke7 36. Bb2 Nb8 37. Bc3 Kf7 38. Bb2 Bd8 39. Bc3 Nd7 40. Bb2
Be7 41. Bc3 Bd8 42. Bb2 Bc7 43. Bc3 Nf8 44. Bb2 Nd7 1/2-1/2

[Event "4NCL/Div1/SWR-BIG"]
[Site "Rd7-Birmingham"]
[Date "2000.03.25"]
[Round "7.6"]
[White "Arkell, Keith"]
[Black "Gayson, Peter"]
[Result "1-0"]
[WhiteElo "2436"]
[BlackElo "2241"]
[PlyCount "135"]
[EventDate "2000.03.25"]
[SourceDate "2000.01.01"]

1. d4 f5 2. g3 g6 3. Bg2 Bg7 4. c4 d6 5. Nf3 Nf6 6. O-O O-O 7. Nc3 Qe8 8. d5
Na6 9. Nd4 Bd7 10. e4 fxe4 11. Nxe4 Nxe4 12. Bxe4 Nc5 13. Bg2 a5 14. Be3 Qf7
15. Qd2 Kh8 16. Rae1 b6 17. Bh6 Bxh6 18. Qxh6 Rae8 19. Bh3 Bxh3 20. Qxh3 e5 21.
dxe6 Qf6 22. Qg4 h5 23. Qd1 Nxe6 24. Nxe6 Rxe6 25. Rxe6 Qxe6 26. Re1 Qf7 27.
Qe2 Kg8 28. b3 Qf6 29. Qe3 Rf7 30. Kg2 Kg7 31. Re2 Kg8 32. Qe4 Kg7 33. f4 g5
34. Rf2 gxf4 35. gxf4 Qg6+ 36. Qxg6+ Kxg6 37. Kf3 Kf6 38. Rg2 Re7 39. Rg5 Rh7
40. h4 Rh8 41. Ke4 c6 42. f5 Re8+ 43. Kd3 Re1 44. Rxh5 Rh1 45. Kc3 Rh3+ 46. Kd4
Rh1 47. Ke3 Re1+ 48. Kd2 Ra1 49. a4 Ke5 50. Rh6 Rh1 51. Re6+ Kd4 52. Rxd6+ Kc5
53. Rd3 Rf1 54. Rh3 Rxf5 55. h5 Rf7 56. h6 Rh7 57. Kc3 Kd6 58. Kd4 c5+ 59. Ke4
Ke6 60. Rh1 Ke7 61. Kf5 Kf7 62. Rh3 Rh8 63. h7 Kg7 64. Kg5 Kf7 65. Kh6 Rd8 66.
Rf3+ Ke6 67. Kg7 Rd7+ 68. Kg8 1-0

[Event "4NCL/Div1/SWR-BIG"]
[Site "Rd7-Birmingham"]
[Date "2000.03.25"]
[Round "7.7"]
[White "Barrett, Stephen"]
[Black "Mason, Don"]
[Result "1-0"]
[WhiteElo "2234"]
[BlackElo "2279"]
[PlyCount "81"]
[EventDate "2000.03.25"]
[SourceDate "2000.01.01"]

1. d4 Nf6 2. c4 g6 3. Nc3 d5 4. cxd5 Nxd5 5. e4 Nxc3 6. bxc3 Bg7 7. Nf3 O-O 8.
Be2 c5 9. Rb1 cxd4 10. cxd4 Qa5+ 11. Qd2 Qxd2+ 12. Bxd2 e6 13. O-O b6 14. Rbc1
Bb7 15. Rc7 Bxe4 16. Bb4 Nc6 17. Bxf8 Rxf8 18. Ng5 Bd5 19. Bf3 Bxf3 20. Nxf3
Nxd4 21. Nxd4 Bxd4 22. Rxa7 Rc8 23. g4 g5 24. Rd1 e5 25. Rd2 Kg7 26. Kg2 Rc3
27. Ra8 h6 28. Ra4 Kg6 29. Rb4 h5 30. gxh5+ Kxh5 31. Rbb2 Kg4 32. Rbc2 Rxc2 33.
Rxc2 Kf4 34. f3 f5 35. Rc4 Ke3 36. Rc8 g4 37. fxg4 f4 38. g5 f3+ 39. Kf1 e4 40.
g6 Bg7 41. Rc7 1-0

[Event "4NCL/Div1/SWR-BIG"]
[Site "Rd7-Birmingham"]
[Date "2000.03.25"]
[Round "7.8"]
[White "Cooper, Lawrence"]
[Black "Forbes, Cathy"]
[Result "1/2-1/2"]
[WhiteElo "2338"]
[BlackElo "2089"]
[PlyCount "83"]
[EventDate "2000.03.25"]
[SourceDate "2000.01.01"]

1. e4 c5 2. Nf3 e6 3. c3 d5 4. exd5 Qxd5 5. d4 Nf6 6. Be2 Be7 7. O-O O-O 8. Ne5
Nbd7 9. Bf3 Qd6 10. Nxd7 Nxd7 11. dxc5 Qxc5 12. Be3 Qc7 13. Nd2 Ne5 14. Be2 Bd7
15. c4 Rad8 16. Qb3 b6 17. Rac1 Bc6 18. Rfd1 Qb7 19. f3 Qa6 20. Qc2 Bc5 21.
Bxc5 bxc5 22. Qc3 f6 23. Nb3 Rxd1+ 24. Bxd1 Nd7 25. Qe3 e5 26. Qd2 Qb6 27. Qd6
Rd8 28. Qe6+ Kf8 29. Bc2 g6 30. Qd6+ Ke8 31. Rd1 Ba4 32. Be4 Bxb3 33. axb3 Nb8
34. Qxd8+ Qxd8 35. Rxd8+ Kxd8 36. Kf2 Kc7 37. Ke3 Kd6 38. Bd5 f5 39. Bg8 f4+
40. Kd3 h6 41. Bf7 g5 42. Ke4 1/2-1/2